Most Developed Countries Quiz Stats

 Plays Quiz Updated Oct 16, 2018

Score 0/40 Timer 05:00
3 Plays Today
HDI Country % Correct
.915United States
98.7%
.916Germany
96.1%
.888France
95.8%
.913Canada
95.3%
.935Australia
95.2%
.907United Kingdom
95.1%
.907Sweden
94%
.891Japan
93.9%
.876Spain
92.9%
.873Italy
92.3%
.944Norway
92.2%
.883Finland
89.5%
.913New Zealand
88.5%
.930Switzerland
87.6%
.923Denmark
86.7%
.922Netherlands
83%
.916Ireland
82.3%
.885Austria
81.6%
.890Belgium
81.5%
.865Greece
81.4%
HDI Country % Correct
.898South Korea
77.5%
.892Luxembourg
73.8%
.899Iceland
72.4%
.870Czechia
72.1%
.836Argentina
67.6%
.908Liechtenstein
62.1%
.912Singapore
61%
.843Poland
60.6%
.884Slovenia
59.1%
.894Israel
58.4%
.839Lithuania
58.3%
.861Estonia
57.2%
.845Andorra
56.3%
.835United Arab Emirates
56.2%
.844Slovakia
55.9%
.850Qatar
54.1%
.837Saudi Arabia
50.8%
.839Malta
49.4%
.850Cyprus
45.7%
.856Brunei Darussalam
27.5%

You're not logged in!

Compare scores with friends on all Sporcle quizzes.
OR
Log In

Sporcle TV

Today on Sporcle TV


Watch our educational content, quiz creation guides, and fun videos on Sporcle TV.

Show Comments

Extras

Top Quizzes Today


Score Distribution

Your Account Isn't Verified!

In order to create a playlist on Sporcle, you need to verify the email address you used during registration. Go to your Sporcle Settings to finish the process.

Report this User

Report this user for behavior that violates our Community Guidelines.

Details: